Platzierungen der Nationalteams bei der Europameisterschaft 2016 - Statistiken

Allgemein
  • Dieses Quiz wurde 19 mal gespielt
  • Das Durchschnittsergebnis liegt bei 12 aus 24
Antwortstatistiken
Hint Antwort % Korrekt
Türkei Gruppenphase
87%
Rumänien Gruppenphase
80%
Albanien Gruppenphase
80%
Portugal Sieger
80%
Schweiz Achtelfinale
73%
Ukraine Gruppenphase
73%
Russland Gruppenphase
67%
Tschechische Republik Gruppenphase
67%
Frankreich Zweiter Platz
60%
Island Viertelfinale
53%
Italien Viertelfinale
53%
Ungarn Achtelfinale
47%
Österreich Gruppenphase
47%
Slowakei Achtelfinale
40%
Deutschland Halbfinale
40%
Wales Halbfinale
40%
Belgien Viertelfinale
40%
Nordirland Achtelfinale
33%
England Achtelfinale
33%
Schweden Gruppenphase
33%
Kroatien Achtelfinale
27%
Irland Achtelfinale
27%
Spanien Achtelfinale
27%
Polen Viertelfinale
20%
Keine übereinstimmenden Quizze gefunden
Verteilung der Resultate
Anzahl Personen mit jedem Resultat
Perzentil nach korrekt beantworteten Fragen
Ihre Resultats-Entwicklung
Sie haben dieses Quiz noch nicht gespielt